| 000 | 00676nam a22002417a 4500 | ||
|---|---|---|---|
| 003 | BUBTL | ||
| 008 | 220419b ||||| |||| 00| 0 eng d | ||
| 020 | _a9789843496539 | ||
| 041 | _aeng | ||
| 082 | _a345/ Ak55p/ 2021 | ||
| 100 |
_94138 _aAkkas, Sarkar Ali |
||
| 245 |
_aPrinciples of Penal Code / _cSarkar Ali Akkas |
||
| 250 | _a1st ed. | ||
| 260 |
_aDhaka: _bBijoy Law Book House, _cc2021 |
||
| 300 |
_axix, 457 p.: _c22 cm. |
||
| 500 | _aIncludes Index | ||
| 505 | _aPrinciples of Penal Code, Sarkar Ali Akkas, Law | ||
| 526 | _aLaw | ||
| 650 | 0 |
_926 _aLaw |
|
| 856 |
_k0 _l0 _yDownload |
||
| 942 |
_2ddc _cBK |
||
| 999 |
_c6685 _d6685 |
||